000 00212nam a22000857a 4500
008 160718b xxu||||| |||| 00| 0 eng d
100 _93000
_a Burnie, D
245 _aBird
260 _aNew York
_bDorling Kindersley
_c2000
999 _c2563
_d2563